000
00349pam a2200157a 44500
008
230515b1914 xxu||||| |||| 00| 0 eng d
020
_a
NULL
041
_a
HINDI
082
_a
1
100
_a
PADHE
245
_a
SART SHRICARAK SAMHITA-1
250
_a
1
260
_a
SANGALI
_b
N.D.
_c
1914
300
_a
100
650
_a
SART SHRICARAK SAMHITA-1
999
_c
496969
_d
496969